[Event "EU-ch 16th"]
[Site "Jerusalem"]
[Date "2015.03.02"]
[Round "6"]
[White "Sargissian, Gabriel"]
[Black "Kempinski, Robert"]
[Result "1-0"]
[WhiteElo "2668"]
[BlackElo "2625"]
[Annotator "Szabo,Kr"]
[PlyCount "65"]
[EventDate "2015.02.24"]
[EventType "swiss"]
[EventRounds "11"]
[EventCountry "ISR"]
[SourceTitle "CBM 166"]
[Source "ChessBase"]
[SourceDate "2015.05.11"]
[SourceVersion "1"]
[SourceVersionDate "2015.05.11"]
[SourceQuality "1"]

1. d4 Nf6 2. c4 g6 3. Nc3 Bg7 4. e4 d6 5. Nf3 O-O 6. Be2 Na6 (6... e5 {is the
real main line, but Kempinski usually plays 6...Na6.}) 7. O-O e5 8. Be3 Ng4 9.
Bg5 Qe8 10. dxe5 dxe5 11. h3 ({In a top rapid game} 11. Qc1 {happened,} c6 12.
Rd1 f6 13. Bd2 f5 14. h3 Nf6 15. exf5 Bxf5 16. Bh6 Bxh6 17. Qxh6 e4 {
(Carlsen-Nakamura, Gjovik rapid 2009)} 18. Nd4 $1 $14 {and White has a
comfortable position.}) 11... Nf6 12. Be3 b6 13. a3 Bb7 14. Qc2 Nh5 ({2 years
ago, Kempinski tried} 14... Nc5 {too,} 15. Bxc5 bxc5 16. Nd5 Qd8 17. Rfd1 Nd7
18. Nd2 c6 19. Nc3 Qe7 20. Nb3 Nb6 21. a4 a5 22. Qc1 Rfb8 23. Qe3 Bf8 $11 {
with a balanced game, Dobrowolski-Kempinski, Poronin 2013.}) 15. b4 c5 (15...
Nf4 {was also played by Kempinski} 16. c5 $1 Nxe2+ 17. Qxe2 f5 18. Rfc1 $1 bxc5
({In the event of} 18... f4 19. Bd2 c6 20. Na4 b5 21. Nb2 $16 {followed by Bc3,
Nd3.}) 19. b5 Nb8 20. Bxc5 $16 {and White has a wonderful position,
Bacrot-Kempinski, Khanty-Mansiysk 2005.}) 16. Nd5 Rc8 17. Qd2 Nf4 $146 {
The first new move in the game.} (17... f5 18. exf5 gxf5 19. Bh6 (19. Bg5 $5)
19... Nc7 20. Bxg7 Nxg7 21. bxc5 Nxd5 22. cxd5 Rxc5 23. Rfc1 e4 24. Rxc5 bxc5
25. Ng5 h6 26. Ne6 Nxe6 27. dxe6 Qxe6 28. Rc1 e3 $1 (28... Qf6 $2 {was bad,}
29. Rxc5 Qg7 30. Qf4 $18 {and White has a decisive attack, M.Gurevich-Milov,
Brussels 1995.}) 29. fxe3 Qe5 $132 {with a complicated position.}) 18. Bxf4
exf4 19. Qxf4 $1 {A very typical exchange sacrifice. Black's g7 "Dragon" B is
obviously very important in his position.} Bxa1 {Black accepts the exchange,
which involves a dangerous attack for White on the kingside.} (19... cxb4 20.
axb4 Bxa1 21. Rxa1 Bxd5 22. cxd5 Nxb4 23. Qh6 $1 $36 {and White has a huge
initiative for his material disadvantage.}) 20. Rxa1 Bxd5 {Obviously Black had
to remove White's d5-knight.} ({In the event of} 20... f5 21. e5 $16 {and
White's position is very powerful.}) 21. cxd5 Nc7 22. Bd3 ({The engine suggests
} 22. e5 $5 {immediately, because} Nxd5 $2 {could have been met by} 23. Qh6 $1
{, for example:} Qe7 24. Bc4 $1 Rcd8 25. bxc5 bxc5 26. Rb1 $1 $18 {with a
decisive attack.} (26. Ng5 $2 f6 $1 $132)) 22... Nb5 $2 {A mistake, which
allows the advance of White's strong central Ps.} ({Probably} 22... f6 {
was more accurate, the attempt to stop e5, but} 23. bxc5 bxc5 24. Rb1 $36 {
and still White's position is more promising.}) 23. e5 $1 Nc3 24. d6 {White's
Ps are very strong, Black is in big trouble.} b5 ({The attempt to protect the
7th rank with} 24... Qd7 {could have been met by} 25. Qh6 c4 26. Bf1 ({the
immediate} 26. Ng5 $2 {was bad, because of} f6 $1 27. e6 Qg7 28. Qxg7+ Kxg7 29.
e7 fxg5 30. exf8=Q+ Kxf8 {and Black is OK.}) 26... b5 27. Re1 $18 {and White
should be winning.}) 25. Qh6 Qd7 26. Ng5 ({Probably} 26. bxc5 $18 {was easier.}
) 26... f6 27. e6 Qg7 28. Qxg7+ ({The engine suggests} 28. Qxh7+ $1 Qxh7 29.
Nxh7 Kxh7 30. bxc5 $18 {and Black has no hope.}) 28... Kxg7 29. e7 fxg5 30.
bxc5 Rxc5 $6 {Loses immediately, but Black's situation was already difficult.}
(30... Rh8 {was tougher} 31. d7 Kf6 32. dxc8=Q Rxc8 33. Re1 Re8 34. Rc1 $16 {
and White is better, but Black doesn't have to resign yet.}) 31. d7 $1 Rcc8 32.
exf8=Q+ Rxf8 33. Rc1 1-0

[Event "WchT 10th"]
[Site "Tsaghkadzor"]
[Date "2015.04.27"]
[Round "8.3"]
[White "Lenderman, Aleksandr"]
[Black "Ivanchuk, Vassily"]
[Result "1-0"]
[WhiteElo "2617"]
[BlackElo "2731"]
[Annotator "Pavlovic,M"]
[PlyCount "83"]
[EventDate "2015.04.19"]
[EventType "team-tourn"]
[EventRounds "9"]
[EventCountry "ARM"]
[SourceTitle "CBM 166"]
[Source "ChessBase"]
[SourceDate "2015.05.11"]
[SourceVersion "1"]
[SourceVersionDate "2015.05.11"]
[SourceQuality "1"]
[WhiteTeam "US of America"]
[BlackTeam "Ukraine"]
[WhiteTeamCountry "USA"]
[BlackTeamCountry "UKR"]

1. d4 Nf6 2. c4 g6 3. Nc3 Bg7 4. e4 O-O 5. Nf3 d6 6. Be2 e5 7. O-O c6 8. Qc2
Nbd7 9. Rd1 {I will give one interesting example here of what happens if White
closes the centre at once.} (9. d5 c5 10. Bg5 Kh8 11. Ne1 Rg8 12. Nd3 Qf8 {
An interesting plan for Black!} 13. Kh1 Ne8 14. a4 Bh6 15. Bxh6 Qxh6 16. f4
exf4 17. Rxf4 Ne5 18. Raf1 f5 19. Nb5 g5 20. R4f2 f4 21. Qc3 Qg7 {0-1 (46)
Berkes,F (2687)-Kozul,Z (2586) Skopje 2014 with unclear play}) 9... Qc7 {
A slightly unusual choice, the Qc7 move at such early stage in the King's
Indian is rare. Obviously Ivanchuk wants to leave the well known paths as
early as possible. The normal way would be 9..Qe7.} 10. d5 {Due to a lack of
any new games in this system I will try to improvise with some ideas that
perhaps Ivanchuk was considering as well.} ({If let's say White goes as usual} 
10. Rb1 a5 11. b3 (11. a3 a4 $1) 11... Re8 12. a3 Nf8 13. b4 axb4 14. axb4 d5
$5 {a surprising encounter that gives Black interesting chances.}) 10... cxd5
11. Nb5 $5 {A new idea at this moment, but not a new motif, usually they go} (
11. cxd5 Nc5 12. Nb5 $5 Qe7 13. Nd2 a6 (13... Bd7 $1) 14. Nc3 b5 15. b4 Nb7 16.
a4 $16 {1-0 (27) Kasparov,G (2800)-Rodriguez Pena,X Galicia 1991}) 11... Qb8
12. cxd5 Nc5 13. Nd2 a5 14. Nc4 $5 {This looks like a strong move, Black is
facing difficulties and Ivanchuk's surprise didn't catch on.} Ncxe4 15. f3 {
Innacuracy.} (15. a4 $1 Bd7 16. Nb6 Bf5 17. Bd3 Ra6 18. Be3 Ng4 19. Nc4 Nxe3
20. Nxe3 $16) 15... Bd7 16. a4 Bxb5 17. axb5 Nc5 18. Nb6 Ra7 19. Be3 Rd8 20.
Ra3 Bf8 21. Rda1 {Obviously White is doing ok, even here the strong pressure
on the queenside gives him adequate play for the pawn.} Qc7 {Ivanchuk now
plays inaccurately.} ({A better move was} 21... a4 22. Qd1 Qc7 23. Nxa4 Rxa4
24. Rxa4 Nxa4 25. Rxa4 Rc8 {and Black is ok here.}) 22. b4 $1 Qxb6 23. bxa5
Rxa5 24. Rxa5 Nxd5 25. Bf2 Bh6 {Perhaps Ivanchuk was counting on this position,
but it doesn't look like real compensation for the exchange.} 26. R5a3 Nf4 27.
Ra8 Kg7 28. Bc4 $16 {I think now that White is clearly better.} Rxa8 29. Rxa8
Qc7 30. Kf1 (30. Kh1 {looks more natural:} Qd7 (30... Nce6 31. Bb3 $16) 31.
Bxc5 dxc5 32. g3 Nh5 33. Qe2 $16) 30... Qd7 31. Qd1 Nce6 32. g3 $2 {White was
focused on chasing the knight from the f4-square and on the plan he started
with 30.Kf1, but tactically it is just wrong.} Nh3 (32... Ng5 $1 33. Ra3 $1 {
very difficult move for tournament play,} ({instead} 33. gxf4 Qh3+ 34. Ke1
Nxf3+ 35. Ke2 Nxh2 36. Bd5 Bxf4 {leads to a highly complicated position, it
seems that Black has enough for the sacrificed material.}) 33... Qh3+ 34. Ke1
Qxh2 35. Qxd6 $1 Qh1+ 36. Bf1 Nfe6 37. Qxe5+ Kg8 {The position is not clear
now.}) 33. Bb6 $1 Neg5 34. Bc5 $2 (34. Rd8 Qf5 35. Bd5 {White is winning,
there is really very little that Black can do here.}) 34... Nf4 $2 (34... Nxf3
$1 35. Qxf3 dxc5 36. Rb8 Ng5 37. Qd3 Qxd3+ 38. Bxd3 c4 39. Bxc4 Ne4 40. Bd5 Nd6
41. Rd8 Nxb5 42. Rd7 $16) 35. Bxd6 Qh3+ 36. Ke1 Ng2+ 37. Ke2 Nf4+ 38. Ke1 Ng2+
39. Ke2 Nf4+ 40. Kd2 Nfe6 41. Kc3 Qf5 42. h4 {White has repulsed the black
attack and the game is over.} 1-0

[Event "Saint Louis Summer-A"]
[Site "Saint Louis"]
[Date "2018.05.23"]
[Round "9"]
[White "Prohaszka, Peter"]
[Black "Zherebukh, Yaroslav"]
[Result "1-0"]
[WhiteElo "2613"]
[BlackElo "2633"]
[Annotator "Fernandez,D"]
[PlyCount "67"]
[EventDate "2018.05.15"]
[EventType "tourn"]
[EventRounds "9"]
[EventCountry "USA"]
[EventCategory "16"]
[SourceTitle "CBM 185"]
[Source "ChessBase"]
[SourceDate "2018.07.13"]
[SourceVersion "1"]
[SourceVersionDate "2018.07.13"]
[SourceQuality "1"]

{In this game White demonstrates an excellent understanding of the issues with
...Na6 in the King's Indian, and then retains a clear head when the execution
turns a little bit messy.} 1. d4 Nf6 2. c4 g6 3. Nc3 Bg7 4. e4 d6 5. Be2 O-O 6.
Nf3 e5 7. O-O Na6 {This move is in third place behind ...Nc6 and ...Nbd7, but
it has had its periods of popularity and it's still not totally clear to me
that White has any advantage. Notably, the move is popular with Ukrainian
players - the ideological descendants of the old Lviv KID school, such as
Golubev.} 8. Be3 (8. Re1 $5 {is the second-most-played move, and it asks again
whether Black would like to play with the centre open or closed.} c6 9. Bf1 {
is main, and now Black should probably head for the Philidor-esque positions
after ...exd4, because he lacks other useful moves that preserve the central
tension.}) 8... Ng4 {This is Black's main move. Against most other things
White has a simpler choice of what to do with the centre, and against minor
moves White should simply consolidate (Qd2, Rac1, Rfe1, etc.)} (8... b6 $5 {
looks like a logical way to prepare ...exd4, intending to play ...Bb7, ...Nc5
and ...a5 in some order after that is done. Furthermore, the obvious move 9.d5
also makes ...b6 look useful. The problem is simply that Black's preparatory
moves are less useful than White's, because he is making them in less space.}
9. Re1 $1 (9. d5 Nc5 10. Nd2 a5 {Here I was able to find interesting ways to
make incidental use of the move 8...b6 in my research.} 11. b3 (11. a3 a4 12.
Bxc5 bxc5 13. Nxa4 Bd7 14. Nc3 Bh6 $44) 11... h5 $5 12. h3 Nh7 13. a3 f5 14. f3
f4 15. Bf2 g5 16. b4 Nd7 17. c5 $1 (17. Nb3 axb4 18. axb4 Rxa1 19. Qxa1 Ndf6
20. c5 g4 $40) 17... axb4 18. axb4 Rxa1 19. Qxa1 bxc5 20. bxc5 Nxc5 $11) 9...
exd4 (9... Qd7 10. Rc1 $14 {is more of the same: eventually Black will need to
enter an inferior version of either the ...exd4 structures or the d5 ones.})
10. Nxd4 Bb7 11. f3 Nc5 12. Qd2 $14) (8... exd4 9. Nxd4 Nc5 10. f3 a5 {is a
major way of playing, but this has not taken off among elite players.}) (8...
Qe8 9. dxe5 dxe5 10. h3 Nh5 11. c5 Nf4 $5 12. Bxa6 bxa6 $132 {Wojtaszek,
R-McShane,L Germany 2016}) 9. Bg5 f6 10. Bc1 (10. Bh4 {is of course a major
direction White can take the game in, and here Black's choice is between 10...
Qe8 and my preferred} Nh6 $5) 10... f5 $6 {Not a novelty, but probably
ill-advised improvisation rather than preparation.} (10... Nh6 {is again the
most flexible move - Black will probably want to play ...f5 in the future, but
it should be suitably prepared with ...Nf7 and maybe also ...c6. For instance,}
11. Rb1 Nf7 12. b4 c6 (12... exd4 $5 {Maximalist play, but this is probably
wrong because the squares left in Black's centre will be too weak after the
pawns are liquidated.} 13. Nxd4 c5 14. bxc5 dxc5 15. Ndb5 f5 16. Be3 (16. Qb3
$14) 16... fxe4 $132 {Khalifman,A-Novikov,S Budva 2009}) 13. d5 f5 $132 {
Hainke,G-Hirsch,S Germany 2008}) 11. exf5 $1 exd4 (11... gxf5 {Black should
probably have played this, but White has a few ways to claim an edge, of which
two of the simplest are:} 12. dxe5 (12. h3 e4 13. hxg4 exf3 14. Bxf3 fxg4 15.
Bxg4 Qh4 16. Bxc8 Raxc8 17. Be3 $14) 12... dxe5 (12... Nxe5 13. Bf4 $14 {
slightly resembles the game, with Black's isolated f-pawn being a weakness
more than anything else}) 13. Qxd8 Rxd8 14. h3 e4 15. hxg4 exf3 16. Bxf3 fxg4
17. Bd5+ Kf8 18. Bg5 Rd7 19. Rae1 $14) 12. Bg5 $1 Qe8 13. Nxd4 gxf5 (13... Qe5
14. Bxg4 Qxd4 15. Qxd4 Bxd4 16. Bh6 $16 {is not an improvement - White obtains
great concessions while Black is busy trying to regain his pawn on f5.}) 14. h3
(14. Nd5 $16 {immediately is also rather convincing.}) 14... Nf6 15. Re1 Qg6
16. Bf4 $16 Nc5 17. Bf3 Bd7 18. Ndb5 Rfc8 $6 ({The computer advocates the
unpalatable} 18... Rac8 19. Nxa7 Rce8 $16 {rather than let both rooks be tied
down!}) 19. Re7 {Introducing some new ideas, like Nxc7 or h4-h5.} Bf8 ({
An obvious question is what happens if Black tries to shift the menacing enemy
knight.} 19... a6 {Most probably what White intended was} 20. h4 $5 h5 (20...
axb5 21. h5 Nxh5 22. Bxh5 Qf6 23. Nd5 Qxb2 24. Rb1 Qd4 25. Qxd4 Bxd4 26. Be3 $1
$18) 21. Nxc7 $1 Rxc7 22. Qxd6 {This is the most energetic continuation. Be5
and Nd5 come next, and even if White is not winning material by force, it is
clear that Black's construction on the kingside and in the centre is in an
advanced state of collapse.}) 20. Re3 Kh8 {Humanly, this might be the best
thing Black could do about the latent ideas of Rg3, but it is another small
inaccuracy.} 21. Nd5 $1 Ne6 $2 {A mistake in a difficult situation.} 22. Rxe6
$1 {Now White's pieces become exponentially more active.} Bxe6 23. Ndxc7 Bxc4
24. Bxb7 Rxc7 25. Nxc7 Rb8 26. Bf3 (26. Qd4 Rxb7 27. Qxc4 Rxb2 28. Ne6 $18 {
is similar}) 26... Rxb2 27. Qd4 Rxa2 28. Rb1 Bg8 29. Bd5 (29. Rb8 {immediately
is marginally more accurate.}) 29... Rc2 30. Rb8 $1 {The last instructive move.
The rest could have been spared.} Bg7 31. Bxg8 Nxg8 32. Qd5 Bf6 33. Ne8 Rb2 34.
Ra8 {An interesting middlegame example of domination - in the final position,
material is still completely level, but Black has been totally tied down. The
most obvious threat is Nxf6, but also Nxd6 would be immediately decisive.} 1-0

[Event "Prague Masters 1st"]
[Site "Prague"]
[Date "2019.03.07"]
[Round "2.4"]
[White "Wojtaszek, Radoslaw"]
[Black "Rapport, Richard"]
[Result "1-0"]
[WhiteElo "2722"]
[BlackElo "2738"]
[Annotator "Wojtaszek,R"]
[PlyCount "97"]
[EventDate "2019.03.06"]
[EventType "tourn"]
[EventRounds "9"]
[EventCountry "CZE"]
[EventCategory "19"]
[SourceTitle "CBM 189"]
[Source "ChessBase"]
[SourceDate "2019.04.29"]
[SourceVersion "1"]
[SourceVersionDate "2019.04.29"]
[SourceQuality "1"]

{Second round of the tournament. At the first round I drew against Vidit while
Richard lost a crazy game against Duda with White. Having that in mind I felt
that I should get some chances in this game.} 1. d4 d6 2. Nf3 Nf6 3. c4 g6 4.
Nc3 Bg7 5. e4 O-O 6. Be2 e5 7. O-O Qe8 $5 {It's never easy to guess Richard's
preparation. Before the game I had this feeling that he might try some sort of
KID's position and even checked some sidelines but obviously not this one.} 8.
dxe5 dxe5 9. b4 $1 {By far the most promising reaction, White needs to gain
some space on the queenside. Black on the other hand will try to exploit the
d4 and c5 squares (after White goes b5).} Bg4 $5 {This was new to me but I
didn't feel particularly worried as white's position looks quite easy to play.}
(9... Nc6 $2 {is to early as Black loses material after} 10. b5 Nd4 11. Ba3 {
[%csl Gf8]}) 10. b5 Bxf3 11. Bxf3 Qe6 12. Nd5 Rc8 13. Nxf6+ $1 {Not the most
obvious move but probably the best one. The idea is that it's stops
development of Black's knight.} (13. Ba3 $6 Bf8 $1 14. Bxf8 Kxf8 {and Black is
doing at least fine.}) 13... Qxf6 14. Be3 Rd8 15. Qb3 $1 {Funnily enough
Richard played exactly the same position himself... but with White! He went 15.
Qc1 but I felt that b3 is more natural square for the queen.} (15. Qc1 Qe7 16.
c5 c6 17. a4 Nd7 {and I don't see many problems for Black.}) 15... Nd7 16. c5
c6 17. Rfd1 Bf8 18. Rac1 $14 {Both sides are making natural moves but it's
quite visible that white is putting up pressure on the queenside while it's
difficult to see what exactly Black is doing - his position is just passive.}
Be7 $6 {It's easy to criticise this move, but on the other hand it's not too
simple to offer an improvement.} ({Maybe objecitvely it was better to play
ugly looking} 18... cxb5 $5 19. Qxb5 Qc6 {but also here White's advantage is
obvious, for instance after} 20. Be2 Nf6 21. Qxc6 bxc6 22. f3 $14) 19. Be2 $1 {
I liked this move as my bishop was the last piece which was not doing anything.
} Nf8 20. bxc6 bxc6 21. Bc4 $6 (21. Qb7 $1 Rab8 22. Qa6 $16 {would be similar
to the game but Black wouldn't have a chance to put the rook on the 7th rank.})
21... Kg7 $6 (21... Rab8 $1 22. Qa4 Rxd1+ 23. Rxd1 Rb7 {and Black is still
worse of course but it's not simple to increase the pressure with White.}) 22.
Qb7 Rab8 23. Qa6 (23. Qxa7 $2 Ra8 24. Qb7 Rdb8 $1 25. Qc7 Rc8 $11) 23... Nd7
24. Qa5 $16 h5 25. h3 $6 {Around here we were approaching time trouble and I
just played this normal looking move to save some time, but it turns out that
now Black is getting some practical chances.} (25. Rd3 $1 {[%cal Gc1d1] and
Black's position is probably already lost:} Qh4 26. f3 Nf8 (26... Bg5 $2 27.
Bf2 $1) 27. Rxd8 Rxd8 28. Qxa7 $18) 25... g5 $1 {The move I completely forgot
about.} 26. Rd3 $2 (26. Be2 $1 Qg6 27. Qc3 {and according to the engine White
keeps a big advantage but moving pieces back two moves in a row is not easy to
do.}) 26... g4 $1 27. hxg4 (27. h4 $5 {was objectively stronger, but also here
Black was already very much back in the game.} Qxh4 28. Qc7 (28. Rcd1 $2 g3 $1)
28... Rbc8 29. Qxa7 Nf8 30. Rcd1 Rxd3 31. Rxd3 {should be better for White,
but the position remains complicated.}) 27... hxg4 28. Rcd1 g3 $1 29. Rxd7 (29.
fxg3 Qg6 30. Bf2 Qxe4 31. Qc3 Qg4 {with mutual chances.}) 29... Rxd7 30. Rxd7
Qe6 $4 ({We both miscalculated} 30... Qh4 $1 31. fxg3 Rb1+ $1 32. Bf1 Qxe4 33.
Qd2 (33. Qc3 Qf5 {[%csl Gd7,Gf1]}) 33... Qf5 34. Bf2 (34. Qd3 Rxf1+ $1) 34...
Bxc5 $1 35. Rc7 {I saw all this and thought I was just winning, but Black has
an amazing resource:} Rd1 $3 (35... Rxf1+ $4 {would be premature because of}
36. Kxf1 Bxf2 37. Qd7 $3 {and White is winning.}) 36. Qe2 Rxf1+ 37. Qxf1 (37.
Kxf1 Bxf2 38. Qxf2 Qb1+ $11) 37... Bxf2+ 38. Qxf2 Qb1+ 39. Kh2 Qh7+ 40. Kg1
Qb1+ $11 {and White has to take a draw because of} 41. Qf1 $4 Qb6+ $19) 31. Qc7
$1 $18 {I saw this while playing 26.Rd3 and that was the reason I went for
this line in the first place.} Rb1+ 32. Bf1 gxf2+ 33. Bxf2 Rxf1+ $5 (33... Qc4
34. Qxe5+ Bf6 35. Qg3+ Kf8 36. Qd3 $18) 34. Kxf1 Qc4+ 35. Ke1 Qxe4+ 36. Kd1
Qa4+ 37. Ke2 Qg4+ 38. Kd2 Qb4+ 39. Ke2 Qg4+ 40. Kd2 Qb4+ 41. Kd3 $1 {The key
move, now White is avoiding all checks.} Qb1+ 42. Ke2 Qc2+ ({I was a bit more
worried about} 42... Qe4+ {but also here White is winning:} 43. Be3 Qxg2+ 44.
Kd3 e4+ 45. Kc3 Bf6+ 46. Bd4 Qf3+ 47. Kb4 $18) 43. Rd2 Qe4+ 44. Kf1 Qb1+ 45.
Be1 Qf5+ 46. Rf2 Qd3+ 47. Re2 Qf5+ 48. Bf2 Qb1+ 49. Re1 {And I finally managed
to escape from all checks.} 1-0